ARRUPE JESUIT UNIVERSITY

CORONAVIRUS -STOP THE SPREAD - CLEAN,DISINFECT,COVER

The community of the beautiful : (Record no. 124804)

MARC details
000 -LEADER
fixed length control field 01062cam a2200289 a 4500
001 - CONTROL NUMBER
control field 3089244
003 - CONTROL NUMBER IDENTIFIER
control field ARRUPE
005 - DATE AND TIME OF LATEST TRANSACTION
control field 20160718124935.0
008 - FIXED-LENGTH DATA ELEMENTS--GENERAL INFORMATION
fixed length control field 980625s1999 mnu b 001 0 eng
010 ## - LIBRARY OF CONGRESS CONTROL NUMBER
LC control number 98034347
020 ## - INTERNATIONAL STANDARD BOOK NUMBER
International Standard Book Number 0814659233 (pbk. alk. paper)
040 ## - CATALOGING SOURCE
Original cataloging agency DLC
Transcribing agency DLC
Modifying agency DLC
043 ## - GEOGRAPHIC AREA CODE
Geographic area code n-us---
050 00 - LIBRARY OF CONGRESS CALL NUMBER
Classification number BR115.A8
Item number G37 1999
082 00 - DEWEY DECIMAL CLASSIFICATION NUMBER
Classification number 230/.089/68
Edition number 21
300 ## - PHYSICAL DESCRIPTION
Dimensions 23 cm.
100 2# - MAIN ENTRY--PERSONAL NAME
Personal name García-Rivera, Alex.
9 (RLIN) 24403
245 14 - TITLE STATEMENT
Title The community of the beautiful :
Remainder of title a theological aesthetics /
Statement of responsibility, etc Alejandro García-Rivera.
260 ## - PUBLICATION, DISTRIBUTION, ETC. (IMPRINT)
Place of publication, distribution, etc Collegeville, Minn. :
Name of publisher, distributor, etc Liturgical Press,
Date of publication, distribution, etc c1999.
300 ## - PHYSICAL DESCRIPTION
Extent ix, 211 p. ;
500 ## - GENERAL NOTE
General note "A Michael Glazier book."
504 ## - BIBLIOGRAPHY, ETC. NOTE
Bibliography, etc Includes bibliographical references (p. 197-207) and index.
650 #0 - SUBJECT ADDED ENTRY--TOPICAL TERM
Topical term or geographic name as entry element Aesthetics
General subdivision Religious aspects
-- Christianity.
9 (RLIN) 2757
650 #0 - SUBJECT ADDED ENTRY--TOPICAL TERM
Topical term or geographic name as entry element Hispanic American theology.
9 (RLIN) 24404
906 ## - LOCAL DATA ELEMENT F, LDF (RLIN)
a 7
b cbc
c orignew
d 1
e ocip
f 19
g y-gencatlg
942 ## - ADDED ENTRY ELEMENTS (KOHA)
Source of classification or shelving scheme Library of Congress Classification
Koha item type Monograph ( Printed materials)
Holdings
Withdrawn status Lost status Source of classification or shelving scheme Damaged status Not for loan Collection code Home library Current library Shelving location Date acquired Total Checkouts Full call number Barcode Date last seen Price effective from Koha item type
    Library of Congress Classification     Main Collection ARRUPE LIBRARY ARRUPE LIBRARY Main Collection 18/07/2016   BR115.A8 G37 1999 46500008643 15/11/2016 18/07/2016 Monograph ( Printed materials)

 

Arrupe Library. PO Box MP320 Mt Pleasant, Harare, Zimbabwe
263 242 745411|librarian@aju.ac.zw